Assesment of learning outcomes (assesment 1) (Record no. 1857)
[ view plain ]
| 000 -LEADER | |
|---|---|
| fixed length control field | 00751nam a22002417a 4500 |
| 003 - CONTROL NUMBER IDENTIFIER | |
| control field | URS |
| 005 - DATE AND TIME OF LATEST TRANSACTION | |
| control field | 20250630110026.0 |
| 008 - FIXED-LENGTH DATA ELEMENTS--GENERAL INFORMATION | |
| fixed length control field | 250630b |||||||| |||| 00| 0 eng d |
| 020 ## - INTERNATIONAL STANDARD BOOK NUMBER | |
| International Standard Book Number | 971-685-748-1 |
| 040 ## - CATALOGING SOURCE | |
| Transcribing agency | URS |
| Language of cataloging | English |
| Description conventions | rda |
| 050 ## - LIBRARY OF CONGRESS CALL NUMBER | |
| Classification number | LB3058 |
| Item number | .N228 2012 |
| 100 ## - MAIN ENTRY--PERSONAL NAME | |
| Personal name | Navarro, Rosita L., |
| Relator term | author. |
| 245 ## - TITLE STATEMENT | |
| Title | Assesment of learning outcomes (assesment 1) |
| Statement of responsibility, etc | Rosita L. Navarro and Rosita G. Santos. |
| 250 ## - EDITION STATEMENT | |
| Edition statement | Second edition. |
| 264 ## - PUBLICATION, DISTRIBUTION, ETC. (IMPRINT) | |
| Place of publication, distribution, etc | Quezon City : |
| Name of publisher, distributor, etc | Lorimar Publishing |
| Date of publication, distribution, etc | ©2012. |
| 300 ## - PHYSICAL DESCRIPTION | |
| Extent | iv, 109 pages |
| Dimensions | 26 cm. |
| 336 ## - CONTENT TYPE | |
| Source | rdacontent |
| Content type term | text |
| Content type code | txt |
| 337 ## - MEDIA TYPE | |
| Source | rdamedia |
| Media type term | unmediated |
| Media type code | n |
| 338 ## - CARRIER TYPE | |
| Source | rdacarrier |
| Carrier type term | volume |
| Carrier type code | nc |
| 650 ## - SUBJECT ADDED ENTRY--TOPICAL TERM | |
| Topical term or geographic name as entry element | Assessment of learning . |
| 700 ## - ADDED ENTRY--PERSONAL NAME | |
| Personal name | Santos, Rosita G., |
| Relator term | author. |
| 942 ## - ADDED ENTRY ELEMENTS (KOHA) | |
| Koha item type | Filipiniana |
| Source of classification or shelving scheme | Library of Congress Classification |
| Withdrawn status | Lost status | Source of classification or shelving scheme | Damaged status | Not for loan | Home library | Current library | Shelving location | Date acquired | Total Checkouts | Full call number | Barcode | Date last seen | Price effective from | Koha item type | Collection code | Source of acquisition | Copy number |
|---|---|---|---|---|---|---|---|---|---|---|---|---|---|---|---|---|---|
| Library of Congress Classification | Cainta College Library | Cainta College Library | On Display | 07/05/2016 | LB3058.N322 2012 | URSCAI-3778 | 01/15/2016 | 01/15/2016 | Filipiniana | ||||||||
| Library of Congress Classification | Taytay College Library | Taytay College Library | Filipiniana Section | 06/30/2025 | LB3058 .N228 2012 | URSTAY-5719 | 06/30/2025 | Filipiniana | Non-fiction | Donation | 1 |